| 000 | 00707nam a2200169Ia 4500 | ||
|---|---|---|---|
| 003 | GCL | ||
| 008 | 140319s9999 xx 000 0 ara d | ||
| 040 |
_aGCL / _cGCL |
||
| 082 | 0 | 4 |
_a920.71 _bق ت |
| 100 | 1 | _aالقنوجى :حسن بن على بن لطف الله الحسينى البخارى | |
| 245 | 1 | 0 |
_aالتاج المكلل : _bمن جواهر ماثر الطراز الاخر والاول / _cالقنوجى :حسن بن على بن لطف الله الحسينى البخارى |
| 260 |
_aبيروت : _bدار اقرا للنشر والتوزيع والطباعة ، _c1983 |
||
| 300 |
_a550 ص ؛ _c24 سم |
||
| 490 | _a | ||
| 650 | 0 | 4 | _aالعلماء المسلمون |
| 942 |
_2ddc _cBK |
||
| 999 |
_c54438 _d54438 |
||